Logistika MS v hokeji v Košiciach – hodnotenie zahraničných návštevníkov podujatia diplomová práca

Gespeichert in:
Bibliographische Detailangaben
1. Verfasser: Hiľovská, Daniela
Körperschaft: Podnikovohospodárska fakulta EU so sídlom v Košiciach. Katedra marketingu a obchodu
Weitere Verfasser: Gajdoš, Jozef, 1962-2025
Format: Buch
Sprache:Slowakisch
Veröffentlicht: Košice 2012
Tags: Tag hinzufügen
Keine Tags, Fügen Sie das erste Tag hinzu!

MARC

LEADER 00000nbm a2200000 4500
001 0153261
005 20161109102100.8
041 0 |a slo 
044 |a SK 
245 1 0 |a Logistika MS v hokeji v Košiciach – hodnotenie zahraničných návštevníkov podujatia  |b diplomová práca  |c Daniela Hiľovská ; školiteľ: Jozef Gajdoš 
264 1 |a Košice  |c 2012 
300 |a 59 s. 
100 1 |a Hiľovská, Daniela 
700 1 |a Gajdoš, Jozef, 1962-2025 
710 2 |a Podnikovohospodárska fakulta EU so sídlom v Košiciach. Katedra marketingu a obchodu